| 000 | 00735nam a2200229 a 4500 | ||
|---|---|---|---|
| 001 | 32534 | ||
| 003 | BD-RjUL | ||
| 005 | 20250505123541.0 | ||
| 008 | 160621r19591956ii a 001 0 eng d | ||
| 035 | _a(BD-RjUL)32623 | ||
| 040 |
_aDLC _cCarP _dDLC _dBD-RjUL _beng |
||
| 041 | _aeng | ||
| 082 |
_223 _a294.3 _bYEA 1959 |
||
| 245 | 1 | 0 |
_a2500 years of Buddhism / _cedited by P.V. Bapat |
| 260 |
_aDelhi : _bPublications Division, Ministry of Information and Broadcasting, Govt. of India _c1956, 1959 |
||
| 300 |
_axxiv,503 p. : _bill. ; _c21 cm. |
||
| 504 | _aIncludes index. | ||
| 650 | 0 |
_aBuddhism _xHistory. _998984 |
|
| 700 |
_aBapat, P. V. _q(Purushottam Vishvanath) _915395 |
||
| 700 |
_aS. Radhakrishnan _915396 |
||
| 942 |
_2ddc _cBK |
||
| 999 |
_c32534 _d32534 |
||